[Event "Magdeburg op-B"]
[Site "Magdeburg"]
[Date "2014.06.11"]
[Round "6"]
[White "Wernecke, Tim"]
[Black "Maar, Patricia"]
[Result "1-0"]
[WhiteElo "990"]
[BlackElo "1093"]
[PlyCount "97"]
[EventDate "2014.06.08"]
[EventType "swiss"]
[EventRounds "9"]
[EventCountry "GER"]
[SourceTitle "CBM 160 Extra"]
[Source "ChessBase"]
[SourceDate "2014.07.01"]
[SourceVersion "1"]
[SourceVersionDate "2014.07.01"]
[SourceQuality "1"]

1. e4 c5 2. Nf3 Nc6 3. d4 cxd4 4. Nxd4 Nxd4 5. Qxd4 Nf6 6. Nc3 e6 7. Bc4 Qc7 8. Nb5 Qa5+ 9. Qc3 Bb4 10. Nd6+ Kf8 11. 0-0 Bxc3 12. bxc3 Qxc3 13. Bf4 Nxe4 14. Nxe4 Qxc4 15. Bd6+ Ke8 16. Rfe1 Qxc2 17. a4 a5 18. Ba3 Kd8 19. Nd6 Qg6 20. Re3 e5 21. Rg3 Qf6 22. Rf3 Qe6 23. Nxf7+ Kc7 24. Nxh8 e4 25. Rf4 Qe5 26. Rc1+ Kb8 27. Rf8 Ka7 28. Nf7 Qd4 29. Bc5+ Qxc5 30. Rxc5 Kb6 31. Rfxc8 Rxc8 32. Rxc8 Ka7 33. Nd6 Kb6 34. Nxe4 d5 35. Nc3 d4 36. Nd5+ Ka7 37. Kf1 h5 38. Ke2 g5 39. Kd3 g4 40. Kxd4 h4 41. Kc5 h3 42. gxh3 gxh3 43. f4 b6+ 44. Nxb6 Kb7 45. f5 Ka7 46. f6 Kb7 47. f7 Ka7 48. Kc6 Ka6 49. Ra8# 1-0

[Event "GER-chT U10"]
[Site "Magdeburg"]
[Date "2013.12.28"]
[Round "5.3"]
[White "Meyers, Jakob"]
[Black "Wernecke, Tim"]
[Result "0-1"]
[WhiteElo "760"]
[BlackElo "986"]
[PlyCount "142"]
[EventDate "2013.12.27"]
[EventType "team-swiss"]
[EventRounds "5"]
[EventCountry "GER"]
[SourceTitle "EXT 2015"]
[Source "ChessBase"]
[SourceDate "2014.11.20"]
[SourceVersion "1"]
[SourceVersionDate "2014.11.20"]
[SourceQuality "1"]
[WhiteTeam "Erfurt Empor II"]
[BlackTeam "Magdeburg Schachzwerge"]
[WhiteTeamCountry "GER"]
[BlackTeamCountry "GER"]

1. e4 e5 2. Nf3 Nc6 3. Bc4 Bc5 4. Nc3 Nf6 5. d3 Ng4 6. 0-0 0-0 7. Bg5 Nf6 8. Nd5 Be7 9. d4 exd4 10. Nxd4 Nxe4 11. Nxe7+ Nxe7 12. Bxe7 Qxe7 13. Qe2 Re8 14. Rfe1 c6 15. f3 d5 16. Bd3 Qe5 17. c3 c5 18. Nc2 Bf5 19. Bb5 Re7 20. g4 a6 21. Ba4 b5 22. gxf5 Rae8 23. fxe4 Qxe4 24. Qxe4 Rxe4 25. Rxe4 dxe4 26. Bxb5 axb5 27. Re1 g6 28. fxg6 fxg6 29. Kg2 Kf7 30. Kg3 Kf6 31. Kf4 g5+ 32. Kg4 h5+ 33. Kg3 Kf5 34. b4 c4 35. Rf1+ Kg6 36. h4 gxh4+ 37. Kxh4 e3 38. Re1 Kf5 39. Nd4+ Kf4 40. Nxb5 Kf3 41. Kxh5 Kf2 42. Ra1 e2 43. a4 e1Q 44. Rxe1 Rxe1 45. a5 Re5+ 46. Kg6 Rxb5 47. Kf6 Ke3 48. Ke6 Kd3 49. Kd6 Kxc3 50. Kc6 Kxb4 51. a6 Ra5 52. Kb7 Rxa6 53. Kxa6 c3 54. Kb6 c2 55. Kc6 c1Q+ 56. Kd6 Qd1+ 57. Ke5 Qe1+ 58. Kf4 Kc4 59. Kf5 Kd5 60. Kf4 Kd4 61. Kf5 Qe3 62. Kf6 Qe4 63. Kg5 Qf3 64. Kg6 Qf4 65. Kg7 Qf5 66. Kg8 Qf6 67. Kh7 Qg5 68. Kh8 Ke5 69. Kh7 Kf6 70. Kh8 Kf7 71. Kh7 Qg7# 0-1

[Event "GER-chT North U12"]
[Site "Magdeburg"]
[Date "2013.09.13"]
[Round "4.4"]
[White "Wernecke, Tim"]
[Black "Rudi, Jonathan"]
[Result "1-0"]
[WhiteElo "1019"]
[BlackElo "849"]
[PlyCount "101"]
[EventDate "2013.09.12"]
[EventType "team-swiss"]
[EventRounds "7"]
[EventCountry "GER"]
[SourceTitle "EXT 2014"]
[Source "ChessBase"]
[SourceDate "2013.11.20"]
[SourceVersion "1"]
[SourceVersionDate "2013.11.20"]
[SourceQuality "1"]
[WhiteTeam "Magdeburg Schachzwerge"]
[BlackTeam "Nordhorn Blanke"]
[WhiteTeamCountry "GER"]
[BlackTeamCountry "GER"]

1. e4 e5 2. Nf3 Nc6 3. Bc4 Bc5 4. c3 Nf6 5. d4 exd4 6. cxd4 Bb4+ 7. Bd2 Bxd2+ 8. Nbxd2 Ne7 9. Ne5 0-0 10. 0-0 c6 11. Qe2 d5 12. exd5 cxd5 13. Bb5 a6 14. Ba4 b5 15. Bxb5 axb5 16. Qxb5 Nf5 17. Nc6 Qd7 18. Rfe1 Bb7 19. Ne7+ Nxe7 20. Qxd7 Nxd7 21. Rxe7 Rfd8 22. Nf3 Bc6 23. Rc1 Bb5 24. Ng5 Nf6 25. Nxf7 Re8 26. Rec7 Rxa2 27. Nd6 Rb8 28. Rc8+ Rxc8 29. Rxc8+ Be8 30. g4 h6 31. Nxe8 Nxe8 32. Rxe8+ Kf7 33. Rd8 Ke6 34. Rg8 Rxb2 35. Rxg7 Rd2 36. Rg6+ Kf7 37. Rxh6 Rxd4 38. Rh4 Rf4 39. Kg2 d4 40. Kf1 d3 41. Ke1 Rd4 42. Kd2 Kg6 43. f3 Kg5 44. Rh5+ Kf4 45. g5 Kf5 46. h4 Rxh4 47. Rxh4 Kxg5 48. Rd4 Kf5 49. Rxd3 Kf4 50. Re3 Kf5 51. Kd3 1-0

[Event "GER-chT U10"]
[Site "Magdeburg"]
[Date "2012.12.28"]
[Round "4.4"]
[White "Ruehl, Alexander"]
[Black "Wernecke, Tim"]
[Result "1-0"]
[WhiteElo "772"]
[BlackElo "867"]
[PlyCount "61"]
[EventDate "2012.12.27"]
[EventType "team-swiss"]
[EventRounds "7"]
[EventCountry "GER"]
[SourceTitle "EXT 2014"]
[Source "ChessBase"]
[SourceDate "2013.11.20"]
[SourceVersion "1"]
[SourceVersionDate "2013.11.20"]
[SourceQuality "1"]
[WhiteTeam "Landskrone"]
[BlackTeam "Magdeburg Schachzwerge"]
[WhiteTeamCountry "GER"]
[BlackTeamCountry "GER"]

1. e4 e5 2. Nf3 Nc6 3. Bb5 d6 4. Nc3 Nf6 5. d3 Bg4 6. Bg5 Be7 7. Be3 d5 8. Bg5 d4 9. Bxf6 gxf6 10. Nd5 Bxf3 11. Qxf3 Rg8 12. Nxe7 Qxe7 13. 0-0 0-0-0 14. g3 Nb4 15. Qf5+ Kb8 16. Rad1 Nxc2 17. Rc1 c6 18. Bc4 Nb4 19. a3 b5 20. axb4 bxc4 21. Rxc4 Rc8 22. Rfc1 Kb7 23. b5 cxb5 24. Rxc8 Rxc8 25. Qxc8+ Kb6 26. Rb1 Qb4 27. Qb8+ Kc6 28. Rc1+ Kd7 29. Qc8+ Ke7 30. Rc7+ Kd6 31. Qd7# 1-0

[Event "GER-chT U10"]
[Site "Magdeburg"]
[Date "2012.12.28"]
[Round "5.4"]
[White "Wernecke, Tim"]
[Black "Hundertmark, Morris"]
[Result "1-0"]
[WhiteElo "867"]
[BlackElo "681"]
[PlyCount "27"]
[EventDate "2012.12.27"]
[EventType "team-swiss"]
[EventRounds "7"]
[EventCountry "GER"]
[SourceTitle "EXT 2014"]
[Source "ChessBase"]
[SourceDate "2013.11.20"]
[SourceVersion "1"]
[SourceVersionDate "2013.11.20"]
[SourceQuality "1"]
[WhiteTeam "Magdeburg Schachzwerge"]
[BlackTeam "Magdeburg Schachzwerge III"]
[WhiteTeamCountry "GER"]
[BlackTeamCountry "GER"]

1. e4 e5 2. Nf3 Nc6 3. d4 Nxd4 4. Nxd4 exd4 5. Qxd4 b6 6. Nc3 Bc5 7. Qxg7 Qh4 8. g3 Qe7 9. Qxh8 d5 10. Qxg8+ Kd7 11. Qg4+ Kd8 12. Bg5 Bxg4 13. Bxe7+ Bxe7 14. Nxd5 1-0